00642nam a22002177a 450000500170000001000130001702000180003003500130004803700160006104000120007708200170008910000180010624501120012426000410023627000500027730000240032750000190035165000180037065000190038870000170040720170124105913.0 aB-031160 a817391382c00 aB-031160 bCen Lib/Ret aDPLbEN a332.645bSIN aSingh, H. K.  aMutual funds and indian capital market :bperformance and profitability /cby H. K. Singh [and] Meera Singh aNew DelhibKanishka Publishersc2001 a4697/5-21, ansari road dariya ganjbNew Delhi avi, 223p.c21cm(Hb) aIncludes index aMutual funds  aGloblizations  aSingh, Meera